00677nam a2200241 a 4500001001300000003000900013005001700022008004100039020002300080082001600103100001400119245001700133260004200150300000900192500003500201505001000236650001400246700001400260902000800274942000700282952012900289999001700418nice12345678IN_TiNIC20260116014604.0050524s2004 newa grp 000 0 eng  a8177555 c59500a320.58bBUH aBuhler, G aLaws of Manu aNew Delhi bCosmo Publications c2004 a339p aincludes index and biblioraphy2 aIndex aManu-Laws1 aBuhler, G bSRS cBK 001040708StackRoom-aHMIbHMId2007-04-05g595.00l1o320.58 BUHp020881r2018-04-02s2018-03-07v595.00w2005-05-24yBK c16103d16103